MDQL
is popping MORE tags! Check the
thread
!
Quizzes
Events
Quiz Creation
Community
Videos
Private Events
Remove Ads
Sign In
Join for FREE
Feedback
Dark Mode
Quiz Categories
Sports
Geography
Music
Movies
Television
Just For Fun
Miscellaneous
History
Literature
Language
Science
Gaming
Entertainment
Religion
Holiday
For Kids
Quiz Lab
Recent
Popular Today
Quiz Kudos Today
Editor Picks
Curator Picks
Quizzes by...
Day
Popularity
Type
Ratings
Length
Year
Community
Subscriptions
Recent Discussions
Orange Saloon
Badges
Playlists
Quests
Create
Leaderboards
Showdown
Live 5
Trivia Bingo
Activity
Puzzle Library
Sporcle Events
Private Events
Virtual Trivia
Globe League
Become a Host
Pub Owners
SporcleCon
Opinionation
Our Games
Videos
Blog
Mobile Apps
Partnerships
Remove Ads and Go Orange
Feedback
Gaming
Video Games
Board Games
Card Games
Pokémon
Mario
Nintendo
Minecraft
Console
Toys
Legend of Zelda
Gaming
Video Games
Board Games
Card Games
Pokémon
Mario
Nintendo
Minecraft
Console
Toys
Legend of Zelda
Random Quiz
Search Sporcle
×
Quiz Lab
Quiz Lab
Gaming
Nation
Type in answers that appear in a list
Type in answers that appear in a list
Classic
Best Score? Go Orange.
Age of Empires Series Civilizations Stats
Can you name the Age of Empires Series Civilizations?
By
NorwegianSalmon
7m
53 Questions
659 Plays
659 Plays
659 Plays
Comments
Comments
Give Quiz Kudos
Give Quiz Kudos
-
- Ratings
hide this ad
Replay
Link that replays current quiz
Next Quiz
Link to next quiz in quiz playlist
You Got
0%
They Got
Avg Score
76%
Avg Friend Score
Upgrade to see
Score Distribution
Jump to the score distribution portion of the page
Score
0/53
Timer
07:00
2
Plays Today
% Correct
Roman
97.1%
Japanese
95.4%
Japanese
95.3%
Chinese
95.3%
Spanish
94.1%
Chinese
93.9%
Britons
93%
Greeks
92.7%
Spanish
92.7%
Indians
91.1%
Aztecs
90.3%
Persians
88.4%
Persians
88.4%
Egyptians
87.8%
French
87.7%
Aztecs
87.2%
Germans
87.1%
Franks
86.5%
Koreans
86.3%
Turks
86.1%
Mayans
85.8%
British
85.7%
Mongols
84.6%
Russians
84.2%
Vikings
83.4%
Portuguese
83.1%
Indians
83.1%
% Correct
Huns
83%
Incas
82.3%
Celts
82.2%
Italians
80.7%
Dutch
79.9%
Goths
78.4%
Teutons
77.6%
Ottomans
77%
Babylonians
76%
Byzantines
74.7%
Saracens
72%
Carthaginian
71.2%
Sioux
70.9%
Assyrians
65.8%
Hittites
65.3%
Iroquois
64.5%
Magyars
64.3%
Slavs
63.9%
Macedonians
63.2%
Sumerians
61%
Yamato
57.8%
Phoenicians
55.6%
Minoans
53.7%
Choson
51.3%
Shang
49.6%
Palmyran
40.6%
Quiz Playlist
Details
Report
Send in Message
Add To Playlist
Classic:
Type in answers that appear in a list
Last Updated: Sep 10, 2017
Quiz Scoreboard
CHALLENGE
Sign Up to Join the Scoreboard
Show All
Scores
Hide
Comments
May contain spoilers
Recently Published
Holiday 10x10 Sorting Gallery
by lukepisani3
Holiday
15m
Two Season TV Shows II
by 123Four
Television
10m
Image Sorting: Flags VI
by Barbecue
Geography
2m
More to Explore
Quiz From the Vault
Featured Blog Post
14 Easter Pick-up Lines to Find Eggs With
hide this ad
You Might Also Like...
Tags
Nation Quiz
Age
Civilization
empire
Today's Top Quizzes in Gaming
Browse Gaming
hide this ad
Today's Top Quizzes in Nation
Browse Nation
Top Contributed Quizzes in Gaming
1
League of Legends Pro Players by Career/Team History
2
Genshin Impact Logic Puzzle
3
Destiny 2 exotic weapons by perk icons
4
Genshin Impact Logic Puzzle Quiz
5
Genshin murder mystery
6
4x4 Decades: Video Games
7
Who's on the WWE 2K24 Cover?
8
Ultimate Genshin Impact Logic Puzzle (up to 4.3)
9
Dead By Daylight Logic Puzzle
10
Undertale Logic Puzzle
Explore More
Trending Topics
Disney
Harry Potter
Kpop
Crossword
NBA
Anime
Marvel
Country
Puzzle
Soccer
The Office
WWE
Pokémon
Song
NFL
hide this ad
More By:
NorwegianSalmon
Quiz
Plays
Rating
Category
Featured
Created
Find That Country: Hot or Cold VII
207,195
4.35
Geography
Nov 15, 2010
Two Border 'Risk'
7,298
4.61
Gaming
Oct 12, 2010
Number of Borders by Continent
4,594
4.56
Geography
Oct 29, 2010
History's 100 Greatest Generals *clickable*
4,344
4.41
History
Feb 9, 2013
Straight Line from Italy
3,355
4.60
Geography
Nov 14, 2010
Go to Creator's Profile
Score Distribution
Quiz Creator Spotlight
NorwegianSalmon
Follow
Send a Message
Quizzes Created
-
Created Quiz Play Count
-
More By This Creator
Popular Quizzes Today
1
Find the US States - No Outlines Minefield
2
Colored Red Africa Blitz
3
Find the 'City' Movie
4
The Countries of the World
5
Find the US States
6
5x2 Blitz: Bands
7
Find the Countries of Europe - No Outlines Minefield
8
US States
More Gaming Quizzes
Knight's Moves Picture Click
Quiz Lab
Trending Quizzes
Colored Red Europe Blitz I
Colored Red Europe Blitz II
Colored Red Africa Blitz II
Colored Red Europe Blitz III
Colored Red Africa Blitz III
Recently Updated
Odd Team Out - Big 4 Players
pecheneg
Quick Pick: 20 Twenties
pecheneg
March Madness Men's Triple Doubles
pecheneg
How Do You Spell That?
pecheneg
Godzilla Movies
pecheneg
Grab Bag: 4-10 Letters
pecheneg
2024 March Madness Bracket
pecheneg
Famous TV Couples
Peacemaker
Champions League XIs: Real Madrid
pecheneg
Largest US Cities 1790-2010
pecheneg
Trending Topics
Disney
Crossword
NBA
Harry Potter
Anime
Kpop
Marvel
The Office
Puzzle
NFL
WWE
Country
Song
Soccer
Pokémon
Your Account Isn't Verified!
In order to create a playlist on Sporcle, you need to verify the email address you used during registration. Go to your
Sporcle Settings
to finish the process.
Report this User
Report this user for behavior that violates our
Community Guidelines
.
Details:
Send Report
Go to the Sporcle.com Mobile Site →
Comments